No Shortcuts to Power : African women in politics and policy making (Record no. 44)

MARC details
000 -LEADER
fixed length control field 00505nam a2200169Ia 4500
008 - FIXED-LENGTH DATA ELEMENTS--GENERAL INFORMATION
fixed length control field 240428s9999||||xx |||||||||||||| ||und||
020 ## - INTERNATIONAL STANDARD BOOK NUMBER
International Standard Book Number 1842771477
041 ## - LANGUAGE CODE
Language code of text/sound track or separate title eng
082 ## - DEWEY DECIMAL CLASSIFICATION NUMBER
Classification number 305.4G
100 ## - MAIN ENTRY--PERSONAL NAME
Personal name Goetz, Anne Marie (ed.) - Hassim, Shireen (ed.)
245 #0 - TITLE STATEMENT
Title No Shortcuts to Power : African women in politics and policy making
260 ## - PUBLICATION, DISTRIBUTION, ETC.
Name of publisher, distributor, etc. David Philip
Place of publication, distribution, etc. London
Date of publication, distribution, etc. 2003
300 ## - PHYSICAL DESCRIPTION
Extent x, 246p.:
650 ## - SUBJECT ADDED ENTRY--TOPICAL TERM
Topical term or geographic name entry element Women in Politics -Africa - Gender Equity and Local Democracy
942 ## - ADDED ENTRY ELEMENTS (KOHA)
Koha item type Books
Holdings
Withdrawn status Lost status Damaged status Not for loan Home library Current library Shelving location Date acquired Total checkouts Full call number Date last seen Copy number Price effective from Koha item type
        Main Library Main Library Open Shelves - Reference - Open Shelves 23/07/2021   305.4G 864 C1 - 305.4G 865 C2 - 305.4G 2030 C3 - 305.4 2254 C4 29/04/2024 1 29/04/2024 Books
©2026  Parliament of Ghana Library - All rights reserved